[Event "Montcada"]
[Site "Montcada"]
[Date "2018.07.01"]
[Round "8.1"]
[White "Akash Pc, Iyer"]
[Black "Peralta, Fernando"]
[Result "1/2-1/2"]
[BlackElo "2567"]
[WhiteElo "2435"]
[LiveChessVersion "1.4.8"]

1. d4 {[%clk 1:30:57]} Nf6 {[%clk 1:30:46]} 2. Nf3 {[%clk 1:31:10]} e6
{[%clk 1:31:00]} 3. c4 {[%clk 1:31:31]} b6 {[%clk 1:31:11]} 4. g3
{[%clk 1:31:36]} Bb7 {[%clk 1:31:35]} 5. Bg2 {[%clk 1:31:33]} Bb4+
{[%clk 1:32:00]} 6. Nbd2 {[%clk 1:29:49]} O-O {[%clk 1:32:11]} 7. O-O
{[%clk 1:27:28]} d5 {[%clk 1:32:32]} 8. Ne5 {[%clk 1:24:08]} Bd6 {[%clk 1:30:00]}
9. cxd5 {[%clk 1:22:10]} Bxe5 {[%clk 1:30:21]} 10. dxe5 {[%clk 1:22:00]} Nxd5
{[%clk 1:30:47]} 11. Qa4 {[%clk 1:14:06]} Nd7 {[%clk 1:16:32]} 12. Nf3
{[%clk 1:14:05]} c5 {[%clk 1:16:11]} 13. Qg4 {[%clk 1:02:43]} Ne7
{[%clk 1:14:29]} 14. Rd1 {[%clk 0:41:58]} Qc7 {[%clk 1:03:45]} 15. Bf4
{[%clk 0:41:02]} Ng6 {[%clk 1:00:14]} 16. Qh5 {[%clk 0:36:52]} Rfd8
{[%clk 0:41:17]} 17. Rd6 {[%clk 0:31:41]} Ndf8 {[%clk 0:41:39]} 18. Rad1
{[%clk 0:31:51]} Rd7 {[%clk 0:41:25]} 19. Rxd7 {[%clk 0:22:58]} Nxd7
{[%clk 0:41:46]} 20. Ng5 {[%clk 0:23:04]} Ndf8 {[%clk 0:41:26]} 21. Bxb7
{[%clk 0:23:27]} Qxb7 {[%clk 0:41:28]} 22. Qf3 {[%clk 0:23:51]} Qxf3
{[%clk 0:38:24]} 23. Nxf3 {[%clk 0:24:14]} Ne7 {[%clk 0:36:37]} 24. e4
{[%clk 0:23:34]} Nc6 {[%clk 0:34:53]} 25. Rd6 {[%clk 0:23:02]} Na5
{[%clk 0:31:34]} 26. b3 {[%clk 0:21:29]} Rc8 {[%clk 0:31:11]} 27. Bd2
{[%clk 0:19:51]} Nb7 {[%clk 0:27:07]} 28. Rd3 {[%clk 0:20:14]} Rc7
{[%clk 0:24:13]} 29. Kf1 {[%clk 0:20:05]} Nd7 {[%clk 0:24:30]} 30. Ke2
{[%clk 0:19:15]} Kf8 {[%clk 0:24:06]} 31. h4 {[%clk 0:19:21]} Ke8
{[%clk 0:20:20]} 32. h5 {[%clk 0:19:36]} h6 {[%clk 0:20:45]} 33. g4
{[%clk 0:19:56]} b5 {[%clk 0:19:13]} 34. Rc3 {[%clk 0:20:19]} Rc6
{[%clk 0:14:00]} 35. Rc2 {[%clk 0:19:22]} a5 {[%clk 0:14:12]} 36. a3
{[%clk 0:18:59]} Ra6 {[%clk 0:14:08]} 37. g5 {[%clk 0:18:08]} hxg5
{[%clk 0:14:20]} 38. Bxg5 {[%clk 0:18:37]} Ra8 {[%clk 0:12:11]} 39. Bd2
{[%clk 0:18:28]} Nd8 {[%clk 0:10:19]} 40. Be3 {[%clk 0:16:52]} Nb7
{[%clk 0:10:38]} 41. Bd2 {[%clk 0:16:42]} Kd8 {[%clk 0:10:57]} 42. Rc1
{[%clk 0:16:27]} Ke7 {[%clk 0:09:06]} 43. Rg1 {[%clk 0:16:22]} Kf8
{[%clk 0:06:36]} 44. h6 {[%clk 0:16:38]} gxh6 {[%clk 0:06:40]} 45. Bxh6+
{[%clk 0:17:02]} Ke7 {[%clk 0:07:09]} 46. Bg5+ {[%clk 0:17:15]} Kf8
{[%clk 0:05:21]} 47. Bh6+ {[%clk 0:17:32]} Ke7 {[%clk 0:05:47]} 48. Bg5+
{[%clk 0:17:58]} Kf8 {[%clk 0:06:13]} 49. Bh6+ {[%clk 0:18:23]} Ke7 1/2-1/2

[Event "Montcada"]
[Site "Montcada"]
[Date "2018.07.01"]
[Round "8.2"]
[White "Shyam, Sundar M."]
[Black "Perez Mitjans, Orelvis"]
[Result "1-0"]
[BlackElo "2399"]
[WhiteElo "2527"]
[LiveChessVersion "1.4.8"]

1. e4 {[%clk 1:30:57]} e5 {[%clk 1:24:24]} 2. Nf3 {[%clk 1:31:14]} Nc6
{[%clk 1:24:49]} 3. Bb5 {[%clk 1:31:39]} a6 {[%clk 1:25:13]} 4. Ba4
{[%clk 1:32:00]} Nf6 {[%clk 1:25:36]} 5. O-O {[%clk 1:32:24]} Be7
{[%clk 1:25:59]} 6. Re1 {[%clk 1:32:48]} b5 {[%clk 1:26:12]} 7. Bb3
{[%clk 1:33:14]} O-O {[%clk 1:26:29]} 8. a4 {[%clk 1:33:34]} b4 {[%clk 1:26:31]}
9. a5 {[%clk 1:33:58]} d6 {[%clk 1:26:56]} 10. d3 {[%clk 1:34:24]} Be6
{[%clk 1:23:45]} 11. Bxe6 {[%clk 1:34:47]} fxe6 {[%clk 1:24:13]} 12. Nbd2
{[%clk 1:35:14]} Qe8 {[%clk 0:45:27]} 13. c3 {[%clk 1:35:12]} Nh5
{[%clk 0:34:19]} 14. d4 {[%clk 1:34:43]} Nf4 {[%clk 0:25:01]} 15. Nf1
{[%clk 1:34:26]} Rb8 {[%clk 0:24:57]} 16. Bxf4 {[%clk 1:25:35]} Rxf4
{[%clk 0:25:12]} 17. Qd3 {[%clk 1:25:09]} Rb5 {[%clk 0:20:17]} 18. N1d2
{[%clk 1:18:26]} Rf8 {[%clk 0:15:07]} 19. Rec1 {[%clk 1:04:10]} Bd8
{[%clk 0:13:31]} 20. Nc4 {[%clk 0:43:41]} bxc3 {[%clk 0:10:37]} 21. bxc3
{[%clk 0:43:59]} exd4 {[%clk 0:11:02]} 22. cxd4 {[%clk 0:38:46]} Qg6
{[%clk 0:09:07]} 23. Ncd2 {[%clk 0:37:03]} Nxa5 24. Rcb1 {[%clk 0:33:06]} c6
{[%clk 0:07:39]} 25. Qc3 {[%clk 0:32:41]} Rh5 {[%clk 0:03:39]} 26. Rb8
{[%clk 0:31:07]} Rb5 {[%clk 0:01:54]} 27. Rxd8 {[%clk 0:30:17]} Rxd8
{[%clk 0:02:23]} 28. Rxa5 {[%clk 0:30:45]} c5 {[%clk 0:02:00]} 29. Rxa6
{[%clk 0:22:39]} cxd4 {[%clk 0:01:54]} 30. Qxd4 {[%clk 0:23:06]} d5
{[%clk 0:01:39]} 31. g3 {[%clk 0:22:53]} Qf6 {[%clk 0:01:21]} 32. Qxf6
{[%clk 0:22:22]} gxf6 {[%clk 0:01:50]} 33. Rxe6 {[%clk 0:22:51]} Kf7
{[%clk 0:01:55]} 34. exd5 {[%clk 0:21:13]} Rbxd5 {[%clk 0:02:22]} 35. Re2
{[%clk 0:21:38]} Re8 {[%clk 0:02:40]} 36. Rxe8 {[%clk 0:21:52]} Kxe8
{[%clk 0:03:09]} 37. Nc4 {[%clk 0:20:43]} Kf7 {[%clk 0:03:31]} 38. Kg2
{[%clk 0:21:06]} Ke7 {[%clk 0:03:54]} 39. Ne3 {[%clk 0:21:28]} Ra5
{[%clk 0:04:14]} 40. Nd4 {[%clk 0:21:15]} Kf7 {[%clk 0:04:42]} 41. Kf3
{[%clk 0:21:07]} Rc5 {[%clk 0:05:10]} 42. Ne2 {[%clk 0:20:52]} Ra5
{[%clk 0:05:30]} 43. Nf4 {[%clk 0:21:17]} Rc5 {[%clk 0:05:53]} 44. g4
{[%clk 0:21:41]} Ra5 {[%clk 0:06:22]} 45. Nf5 {[%clk 0:20:43]} Ra3+
{[%clk 0:06:34]} 46. Kg2 {[%clk 0:21:08]} Ra5 {[%clk 0:06:42]} 47. Kg3
{[%clk 0:21:29]} Ra3+ {[%clk 0:06:36]} 48. f3 {[%clk 0:21:55]} Ra5
{[%clk 0:06:52]} 49. Nh5 {[%clk 0:15:34]} Kg6 {[%clk 0:05:23]} 50. Nf4+
{[%clk 0:15:53]} Kf7 {[%clk 0:05:46]} 51. h3 {[%clk 0:16:21]} Ra6
{[%clk 0:05:33]} 52. Nh5 {[%clk 0:10:25]} Rb6 {[%clk 0:04:40]} 53. Nh6+
{[%clk 0:09:45]} Kf8 {[%clk 0:05:08]} 54. h4 {[%clk 0:09:16]} Ra6
{[%clk 0:05:30]} 55. Kf4 {[%clk 0:04:10]} Ra4+ {[%clk 0:05:01]} 56. Ke3
{[%clk 0:04:35]} Ra3+ {[%clk 0:05:27]} 57. Ke4 {[%clk 0:05:01]} Ra4+
{[%clk 0:05:53]} 58. Kd5 {[%clk 0:05:18]} Ra5+ {[%clk 0:06:07]} 59. Kd4
{[%clk 0:04:29]} Ra4+ {[%clk 0:06:25]} 60. Kc5 {[%clk 0:03:44]} Ra5+
{[%clk 0:02:31]} 61. Kb6 {[%clk 0:02:53]} Re5 {[%clk 0:02:46]} 62. f4
{[%clk 0:02:36]} Re1 {[%clk 0:02:59]} 63. Kc5 {[%clk 0:02:21]} Re6
{[%clk 0:02:56]} 64. Kb5 {[%clk 0:02:02]} Re4 {[%clk 0:02:03]} 65. f5
{[%clk 0:02:18]} Rd4 {[%clk 0:02:01]} 66. Kc5 {[%clk 0:01:42]} Ra4
{[%clk 0:02:01]} 67. Nxf6 {[%clk 0:01:56]} Kg7 {[%clk 0:02:15]} 68. Nfg8
{[%clk 0:02:06]} Re4 {[%clk 0:01:47]} 69. Kd5 {[%clk 0:02:10]} Re1
{[%clk 0:01:52]} 70. h5 {[%clk 0:02:34]} Re2 {[%clk 0:01:35]} 71. Kd4
{[%clk 0:03:00]} Re1 {[%clk 0:01:56]} 72. Kd3 {[%clk 0:03:29]} Re5
{[%clk 0:00:58]} 73. f6+ {[%clk 0:03:41]} Kf8 {[%clk 0:01:18]} 74. Ne7
{[%clk 0:03:26]} Ra5 {[%clk 0:01:18]} 75. Nef5 {[%clk 0:03:21]} Ra1
{[%clk 0:01:12]} 76. Nd4 {[%clk 0:02:25]} Ra6 {[%clk 0:00:43]} 77. g5
{[%clk 0:02:53]} Ke8 {[%clk 0:00:45]} 78. Ke4 {[%clk 0:03:22]} Ra1
{[%clk 0:00:59]} 79. g6 {[%clk 0:03:36]} hxg6 {[%clk 0:01:23]} 80. hxg6
{[%clk 0:04:04]} Re1+ {[%clk 0:01:12]} 81. Kd5 {[%clk 0:04:28]} Rg1
{[%clk 0:01:29]} 82. g7 {[%clk 0:04:41]} 1-0

[Event "Montcada"]
[Site "Montcada"]
[Date "2018.07.01"]
[Round "8.3"]
[White "Harsha, Bharathakoti"]
[Black "Martinez Alcantara, Jose Eduardo"]
[Result "1/2-1/2"]
[BlackElo "2539"]
[WhiteElo "2471"]
[LiveChessVersion "1.4.8"]

1. d4 {[%clk 1:30:57]} Nf6 {[%clk 1:23:38]} 2. c4 {[%clk 1:31:06]} e6
{[%clk 1:24:05]} 3. Nc3 {[%clk 1:31:31]} Bb4 {[%clk 1:24:29]} 4. e3
{[%clk 1:31:56]} O-O {[%clk 1:24:42]} 5. Bd2 {[%clk 1:31:33]} b6 {[%clk 1:18:29]}
6. Nge2 {[%clk 1:29:14]} Bb7 {[%clk 1:14:26]} 7. a3 {[%clk 1:28:56]} Bxc3
{[%clk 1:13:00]} 8. Nxc3 {[%clk 1:29:04]} d6 {[%clk 1:11:52]} 9. Bd3
{[%clk 1:05:59]} c5 {[%clk 0:59:00]} 10. O-O {[%clk 1:00:32]} Nc6
{[%clk 0:54:14]} 11. Ne2 {[%clk 0:43:54]} Rc8 {[%clk 0:47:21]} 12. b4
{[%clk 0:33:44]} d5 {[%clk 0:45:36]} 13. cxd5 {[%clk 0:28:14]} Qxd5
{[%clk 0:45:04]} 14. Nf4 {[%clk 0:26:29]} Qd8 {[%clk 0:34:17]} 15. bxc5
{[%clk 0:19:45]} bxc5 {[%clk 0:34:41]} 16. Rb1 {[%clk 0:20:13]} Ba8
{[%clk 0:32:54]} 17. Rb5 {[%clk 0:10:34]} cxd4 {[%clk 0:28:51]} 18. Rg5
{[%clk 0:10:23]} g6 {[%clk 0:26:47]} 19. exd4 {[%clk 0:09:15]} Qxd4
{[%clk 0:22:38]} 20. Be3 {[%clk 0:08:19]} Qd8 {[%clk 0:21:44]} 21. Qb1
{[%clk 0:06:54]} e5 {[%clk 0:11:16]} 22. Bxg6 {[%clk 0:05:40]} exf4
{[%clk 0:11:36]} 23. Bf5+ {[%clk 0:06:02]} Kh8 {[%clk 0:12:01]} 24. Bxf4
{[%clk 0:06:30]} Nd4 {[%clk 0:10:02]} 25. Be5 {[%clk 0:03:21]} Rc5
{[%clk 0:09:45]} 26. Re1 {[%clk 0:03:23]} Rxe5 {[%clk 0:07:22]} 27. Rxe5
{[%clk 0:03:49]} Qd6 {[%clk 0:03:28]} 28. Qb4 {[%clk 0:01:09]} Qxb4
{[%clk 0:02:13]} 29. axb4 {[%clk 0:01:35]} Rb8 {[%clk 0:01:50]} 30. Bd3
{[%clk 0:00:40]} Rxb4 {[%clk 0:02:06]} 31. Re7 {[%clk 0:00:43]} Ra4
{[%clk 0:00:40]} 32. h3 {[%clk 0:00:50]} Bd5 {[%clk 0:00:50]} 33. Rc7
{[%clk 0:00:40]} Be6 {[%clk 0:01:14]} 34. Rb7 {[%clk 0:01:02]} Nc6
{[%clk 0:00:47]} 35. Bb5 {[%clk 0:00:35]} Ra1+ {[%clk 0:01:16]} 36. Kh2
{[%clk 0:01:01]} h6 {[%clk 0:00:49]} 37. Rg3 {[%clk 0:00:58]} Nb4
{[%clk 0:00:55]} 38. Rb8+ {[%clk 0:00:32]} Kh7 {[%clk 0:01:20]} 39. Rf3
{[%clk 0:00:36]} Kg7 {[%clk 0:00:42]} 40. Rg3+ {[%clk 0:01:03]} Kh7
{[%clk 0:01:12]} 41. Rf3 {[%clk 0:01:30]} Kg6 {[%clk 0:00:32]} 42. Rg3+
{[%clk 0:01:51]} Kf5 {[%clk 0:00:39]} 43. Rh8 {[%clk 0:00:46]} h5
{[%clk 0:00:48]} 44. Rh6 {[%clk 0:00:33]} Nbd5 {[%clk 0:00:37]} 45. Bc4
{[%clk 0:00:32]} a5 {[%clk 0:00:35]} 46. Rh8 {[%clk 0:00:37]} Nf4
{[%clk 0:00:32]} 47. Bxe6+ {[%clk 0:00:48]} fxe6 {[%clk 0:00:39]} 48. Rb3
{[%clk 0:00:31]} a4 {[%clk 0:00:35]} 49. Rf3 {[%clk 0:00:46]} Ke5
{[%clk 0:00:53]} 50. Re3+ {[%clk 0:01:02]} Kd6 {[%clk 0:01:10]} 51. Ra8
{[%clk 0:01:09]} Ra2 {[%clk 0:00:48]} 52. Ra6+ {[%clk 0:01:08]} Kd7
{[%clk 0:00:41]} 53. Rg3 {[%clk 0:01:15]} Ne8 {[%clk 0:00:37]} 54. Rf3
{[%clk 0:01:03]} e5 {[%clk 0:00:59]} 55. g3 {[%clk 0:00:49]} Nd5 {[%clk 0:01:09]}
56. Rf7+ {[%clk 0:00:39]} Ne7 {[%clk 0:01:38]} 57. Ra7+ {[%clk 0:00:31]} Nc7
{[%clk 0:02:07]} 58. Kg2 {[%clk 0:00:38]} a3 {[%clk 0:01:41]} 59. Rf3
{[%clk 0:00:56]} Ned5 {[%clk 0:01:44]} 60. Raxa3 {[%clk 0:01:11]} Rc2
{[%clk 0:02:02]} 61. Rf5 {[%clk 0:00:57]} e4 {[%clk 0:01:57]} 62. Kf1
{[%clk 0:00:44]} h4 {[%clk 0:01:41]} 63. gxh4 {[%clk 0:01:11]} Ke6
{[%clk 0:02:06]} 64. Rf8 {[%clk 0:00:58]} Ke7 {[%clk 0:02:23]} 65. Rf5
{[%clk 0:00:49]} Ke6 {[%clk 0:02:49]} 66. Rf8 {[%clk 0:01:15]} Ke5
{[%clk 0:00:47]} 67. h5 {[%clk 0:00:37]} Ne6 {[%clk 0:00:56]} 68. Re8
{[%clk 0:01:02]} Ndf4 {[%clk 0:00:48]} 69. Ra1 {[%clk 0:01:08]} Nxh3
{[%clk 0:00:42]} 70. h6 {[%clk 0:00:32]} Rxf2+ {[%clk 0:01:08]} 71. Ke1
{[%clk 0:01:00]} Rf7 {[%clk 0:00:35]} 72. Ra5+ {[%clk 0:00:53]} Kf6
{[%clk 0:01:03]} 73. Rh5 {[%clk 0:00:48]} Nhg5 {[%clk 0:00:58]} 74. Rxe6+
{[%clk 0:00:58]} Ke5 {[%clk 0:00:34]} 1/2-1/2

[Event "Montcada"]
[Site "Montcada"]
[Date "2018.07.01"]
[Round "8.4"]
[White "Oliva Castaneda, Kevel"]
[Black "Cori Quispe, Kevin Joel"]
[Result "0-1"]
[BlackElo "2468"]
[WhiteElo "2516"]
[LiveChessVersion "1.4.8"]

1. d4 {[%clk 1:30:30]} Nf6 {[%clk 1:22:24]} 2. Nf3 {[%clk 1:30:47]} e6
{[%clk 1:22:25]} 3. Bf4 {[%clk 1:31:09]} b6 {[%clk 1:21:17]} 4. e3
{[%clk 1:31:28]} Bb7 5. Bd3 {[%clk 1:31:51]} Be7 {[%clk 1:21:23]} 6. h3
{[%clk 1:32:07]} d6 {[%clk 1:21:40]} 7. O-O {[%clk 1:32:20]} Nbd7
{[%clk 1:21:28]} 8. Nbd2 {[%clk 1:26:35]} O-O {[%clk 1:18:04]} 9. Bh2
{[%clk 1:25:04]} c5 {[%clk 1:17:10]} 10. c3 {[%clk 1:24:15]} cxd4
{[%clk 1:14:31]} 11. exd4 {[%clk 1:24:27]} Re8 {[%clk 1:14:17]} 12. Re1
{[%clk 1:24:18]} Bf8 {[%clk 1:11:36]} 13. Qc2 {[%clk 1:20:04]} h6
{[%clk 1:09:37]} 14. a4 {[%clk 1:19:58]} a6 {[%clk 1:08:32]} 15. Rad1
{[%clk 1:18:21]} Qc7 {[%clk 1:06:11]} 16. Re3 {[%clk 1:14:50]} Rac8
{[%clk 0:54:53]} 17. Qb3 {[%clk 1:13:56]} Qb8 {[%clk 0:50:26]} 18. Rde1
{[%clk 1:13:49]} Qa8 {[%clk 0:46:52]} 19. Qd1 {[%clk 1:09:15]} Bc6
{[%clk 0:36:48]} 20. Nc4 {[%clk 1:08:19]} Qb8 {[%clk 0:36:58]} 21. Nfd2
{[%clk 1:06:59]} b5 {[%clk 0:31:16]} 22. Na5 {[%clk 1:07:05]} Bd5
{[%clk 0:31:12]} 23. axb5 {[%clk 1:04:35]} axb5 {[%clk 0:31:36]} 24. Nab3
{[%clk 1:04:51]} Qb6 {[%clk 0:28:32]} 25. Qe2 {[%clk 1:01:19]} Bc6
{[%clk 0:28:56]} 26. Qf1 {[%clk 1:00:14]} Rcd8 {[%clk 0:27:21]} 27. Ra1
{[%clk 0:57:11]} Ra8 {[%clk 0:24:03]} 28. Ree1 {[%clk 0:57:14]} Ra4
{[%clk 0:23:59]} 29. Bc2 {[%clk 0:55:37]} e5 {[%clk 0:21:39]} 30. Rab1
{[%clk 0:50:50]} e4 {[%clk 0:19:03]} 31. f3 {[%clk 0:49:31]} e3 {[%clk 0:16:15]}
32. Qd3 {[%clk 0:49:49]} Ne5 {[%clk 0:16:18]} 33. Qxe3 {[%clk 0:37:35]} Nxf3+
{[%clk 0:16:03]} 34. Nxf3 {[%clk 0:38:01]} Rxe3 {[%clk 0:16:26]} 35. Rxe3
{[%clk 0:38:28]} Ra8 {[%clk 0:16:40]} 36. Rbe1 {[%clk 0:38:27]} Re8
{[%clk 0:15:13]} 37. Rxe8 {[%clk 0:38:52]} Bxe8 38. Nbd2 Bc6 {[%clk 0:15:35]} 39.
Bg3 {[%clk 0:39:13]} Bd5 {[%clk 0:15:50]} 40. Bd3 {[%clk 0:39:22]} Qa5
{[%clk 0:14:48]} 41. Rb1 {[%clk 0:38:19]} Be6 {[%clk 0:14:16]} 42. Bf2
{[%clk 0:33:54]} Nd5 {[%clk 0:14:09]} 43. Bc2 {[%clk 0:34:13]} Nb6
{[%clk 0:13:54]} 44. Nb3 {[%clk 0:34:15]} Qa8 {[%clk 0:13:40]} 45. Ra1
{[%clk 0:34:22]} Qc8 {[%clk 0:13:33]} 46. Nbd2 {[%clk 0:29:36]} Bd5
{[%clk 0:13:02]} 47. Bd3 {[%clk 0:29:26]} Nc4 {[%clk 0:13:21]} 48. Bxc4
{[%clk 0:28:40]} bxc4 {[%clk 0:13:44]} 49. Ne1 {[%clk 0:28:53]} Be7
{[%clk 0:13:44]} 50. Nc2 {[%clk 0:26:38]} Bg5 {[%clk 0:12:21]} 51. Be3
{[%clk 0:20:16]} Qf5 {[%clk 0:10:21]} 52. Rc1 {[%clk 0:20:31]} Qg6
{[%clk 0:10:45]} 53. g4 {[%clk 0:15:58]} f5 {[%clk 0:10:57]} 54. Kh2 f4
{[%clk 0:10:41]} 55. Bf2 {[%clk 0:14:48]} Qd3 {[%clk 0:11:04]} 56. Ne1
{[%clk 0:11:54]} Qxd2 {[%clk 0:10:49]} 0-1

[Event "Montcada"]
[Site "Montcada"]
[Date "2018.07.01"]
[Round "8.5"]
[White "Himanshu, Sharma"]
[Black "Cuartas, Jaime Alexander"]
[Result "1-0"]
[BlackElo "2508"]
[WhiteElo "2420"]
[LiveChessVersion "1.4.8"]

1. e4 {[%clk 1:30:53]} c6 {[%clk 1:30:56]} 2. d4 {[%clk 1:31:13]} d5
{[%clk 1:31:22]} 3. e5 {[%clk 1:31:33]} Bf5 {[%clk 1:31:48]} 4. Nf3
{[%clk 1:31:52]} e6 {[%clk 1:32:14]} 5. Be2 {[%clk 1:32:13]} Nd7 {[%clk 1:32:38]}
6. O-O {[%clk 1:32:32]} Bg6 {[%clk 1:33:04]} 7. c3 {[%clk 1:30:34]} Nh6
{[%clk 1:33:09]} 8. Nbd2 {[%clk 1:23:55]} Be7 {[%clk 1:33:29]} 9. Nb3
{[%clk 1:23:56]} O-O {[%clk 1:30:19]} 10. Bxh6 {[%clk 1:21:51]} gxh6
{[%clk 1:30:44]} 11. Qd2 {[%clk 1:21:59]} Kg7 {[%clk 1:31:04]} 12. Nc1
{[%clk 1:21:39]} Rg8 {[%clk 1:25:23]} 13. Nd3 {[%clk 1:21:46]} Qf8
{[%clk 1:25:48]} 14. Nf4 {[%clk 1:18:27]} Kh8 {[%clk 1:26:10]} 15. Nxg6+
{[%clk 1:17:13]} hxg6 {[%clk 1:24:09]} 16. Bd3 {[%clk 1:15:32]} Kg7
{[%clk 1:23:25]} 17. Rae1 {[%clk 1:07:56]} b5 {[%clk 1:15:39]} 18. Kh1
{[%clk 1:07:42]} a6 {[%clk 1:07:30]} 19. Qf4 {[%clk 1:05:55]} c5 {[%clk 1:06:52]}
20. h4 {[%clk 1:05:03]} c4 {[%clk 1:04:26]} 21. Bc2 {[%clk 1:02:18]} Qd8
{[%clk 0:57:46]} 22. Re3 {[%clk 0:59:56]} Nf8 {[%clk 0:56:46]} 23. h5
{[%clk 0:55:32]} gxh5 {[%clk 0:45:11]} 24. Qh2 {[%clk 0:55:48]} h4
{[%clk 0:45:29]} 25. Ng1 {[%clk 0:46:40]} Ra7 {[%clk 0:41:50]} 26. f4
{[%clk 0:45:34]} f5 {[%clk 0:41:54]} 27. exf6+ {[%clk 0:44:23]} Bxf6
{[%clk 0:42:10]} 28. f5 {[%clk 0:39:03]} Re7 {[%clk 0:36:26]} 29. fxe6
{[%clk 0:30:57]} Rxe6 {[%clk 0:36:36]} 30. Ref3 {[%clk 0:30:52]} Qd6
{[%clk 0:29:50]} 31. Qh3 {[%clk 0:29:46]} Kf7 {[%clk 0:24:25]} 32. Ne2
{[%clk 0:25:21]} Rg5 {[%clk 0:19:03]} 33. Nf4 {[%clk 0:25:09]} Re8
{[%clk 0:17:12]} 34. Nh5 {[%clk 0:22:59]} Nd7 {[%clk 0:14:44]} 35. Nxf6
{[%clk 0:20:51]} Nxf6 {[%clk 0:15:03]} 36. Rxf6+ {[%clk 0:19:27]} Qxf6
{[%clk 0:15:23]} 37. Rxf6+ {[%clk 0:19:37]} Kxf6 {[%clk 0:15:48]} 38. Qxh4
{[%clk 0:19:24]} Kg7 {[%clk 0:16:07]} 39. Bd1 {[%clk 0:19:07]} Re6
{[%clk 0:13:45]} 40. Bf3 {[%clk 0:19:13]} Rd6 {[%clk 0:06:38]} 41. Qf4
{[%clk 0:19:17]} Rd7 {[%clk 0:07:06]} 42. Kh2 {[%clk 0:18:32]} Kg6
{[%clk 0:03:23]} 43. Qf8 {[%clk 0:18:17]} Rf7 {[%clk 0:02:45]} 44. Qg8+
{[%clk 0:18:33]} Kf6 {[%clk 0:03:05]} 45. Qd8+ {[%clk 0:18:53]} Ke6
{[%clk 0:01:50]} 46. Qb6+ {[%clk 0:19:14]} 1-0

[Event "Montcada"]
[Site "Montcada"]
[Date "2018.07.01"]
[Round "8.6"]
[White "Iniyan, P"]
[Black "Kevlishvili, Robby"]
[Result "1/2-1/2"]
[BlackElo "2502"]
[WhiteElo "2460"]
[LiveChessVersion "1.4.8"]

1. d4 {[%clk 1:30:49]} d5 {[%clk 1:30:52]} 2. c4 {[%clk 1:31:14]} c6
{[%clk 1:31:18]} 3. Nf3 {[%clk 1:31:37]} Nf6 {[%clk 1:31:39]} 4. Nc3
{[%clk 1:32:00]} e6 {[%clk 1:32:04]} 5. Bg5 {[%clk 1:32:06]} h6 {[%clk 1:32:16]}
6. Bxf6 {[%clk 1:32:30]} Qxf6 {[%clk 1:32:41]} 7. g3 {[%clk 1:32:53]} dxc4
{[%clk 1:32:35]} 8. Bg2 {[%clk 1:33:15]} Nd7 {[%clk 1:32:37]} 9. O-O
{[%clk 1:33:37]} Be7 {[%clk 1:31:38]} 10. Ne4 {[%clk 1:28:16]} Qf5
{[%clk 1:32:02]} 11. Nfd2 {[%clk 1:26:02]} Nb6 {[%clk 1:08:48]} 12. a4
{[%clk 1:19:49]} Qa5 {[%clk 1:06:07]} 13. Qc2 {[%clk 1:02:47]} O-O
{[%clk 1:03:12]} 14. Nxc4 {[%clk 1:03:12]} Nxc4 {[%clk 1:03:33]} 15. Qxc4
{[%clk 1:03:37]} e5 {[%clk 1:03:34]} 16. Nc5 {[%clk 0:59:35]} exd4
{[%clk 1:03:27]} 17. b4 {[%clk 0:59:59]} Qc7 {[%clk 1:03:49]} 18. Rac1
{[%clk 0:57:25]} Rd8 {[%clk 0:57:21]} 19. b5 {[%clk 0:46:28]} Rb8
{[%clk 0:57:04]} 20. bxc6 {[%clk 0:42:09]} bxc6 {[%clk 0:57:28]} 21. Rfd1
{[%clk 0:42:21]} Qe5 {[%clk 0:40:02]} 22. Bxc6 {[%clk 0:32:10]} Bg4
{[%clk 0:39:11]} 23. Nd3 {[%clk 0:29:41]} Qd6 {[%clk 0:34:52]} 24. Bf3
{[%clk 0:13:13]} Be6 {[%clk 0:29:43]} 25. Qc5 {[%clk 0:13:34]} Bb3
{[%clk 0:27:38]} 26. Re1 {[%clk 0:13:14]} Qd7 {[%clk 0:25:32]} 27. Qa5
{[%clk 0:13:15]} Rb6 {[%clk 0:09:12]} 28. Nc5 {[%clk 0:05:50]} Bxc5
{[%clk 0:09:32]} 29. Rxc5 {[%clk 0:06:15]} Re8 {[%clk 0:07:41]} 30. Rec1
{[%clk 0:01:46]} Qxa4 {[%clk 0:06:56]} 31. Qxa4 {[%clk 0:01:19]} Bxa4
{[%clk 0:07:20]} 32. Ra1 {[%clk 0:01:46]} Rb4 {[%clk 0:05:24]} 33. Ra5
{[%clk 0:01:07]} Bb5 {[%clk 0:04:13]} 34. Rxa7 {[%clk 0:01:02]} Bxe2
{[%clk 0:02:14]} 35. Ra8 {[%clk 0:01:27]} Bb5 {[%clk 0:02:34]} 36. Rxe8+
{[%clk 0:01:51]} Bxe8 {[%clk 0:03:02]} 37. Ra8 {[%clk 0:02:14]} Kf8
{[%clk 0:03:25]} 38. Bc6 {[%clk 0:02:37]} Rb1+ {[%clk 0:03:52]} 39. Kg2
{[%clk 0:03:00]} Re1 {[%clk 0:04:17]} 40. Rd8 {[%clk 0:03:17]} d3
{[%clk 0:04:40]} 41. Bxe8 {[%clk 0:03:42]} Rxe8 {[%clk 0:05:06]} 42. Rxd3
{[%clk 0:04:04]} 1/2-1/2